000 00480nam a2200169Ia 4500
005 20250424120225.0
008 250424s9999 xx 000 0 und d
022 _a26353156
050 _aK 60 .B39/
245 0 _aBaze university abuja law journal
260 _aAbuja, Nigeria
260 _bCentre of Islamic Legal Studies, Faculty of Law, Ahmadu Bello University
260 _c2017
300 _aiii, 253 p. ; 20 cm.
650 _aLaw. Law reviews. Nigeria.
942 _cSR
999 _c38093
_d38093